Statistieken voor Top 15 landen met Covid-19 sterfgevallen - 9 februari 2022

Klik hier om de quiz te nemen!

Algemene statistieken

  • Deze quiz is 3 keer genomen
  • De gemiddelde score is 10 van 26

Antwoordstatistieken

land% Correct
Frankrijk
100%
Italië
100%
Rusland
100%
Verenigde Staten
100%
Verenigd Koninkrijk
100%
Duitsland
67%
India
67%
Indonesië
67%
Iran
67%
Mexico
67%
Polen
67%
Argentinië
33%
Brazilië
33%
Bosnië en
Herzegovina
0%
Bulgarije
0%
Colombia
0%
Georgië
0%
Hongarije
0%
Kroatië
0%
Litouwen
0%
Noord-Macedonië
0%
Peru
0%
Roemenië
0%
Slovenië
0%
Slowakije
0%
Tsjechië
0%

Scoreverdeling

Percentiel versus Aantal Correcte Antwoorden

Procent van Mensen met Elke Score

Uw Scoregeschiedenis

U heeft deze quiz nog niet genomen